Síntesis histórica de la literatura argentina, Vol 3 /
Guardado en:
| Autor Principal: | |
|---|---|
| Formato: | Libro |
| Idioma: | Undetermined |
| Publicado: |
Buenos Aires :
Claridad.,
1957.
|
| Materias: | |
| Etiquetas: |
Agregar Etiqueta
Sin Etiquetas, Sea el primero en etiquetar este registro!
|
| LEADER | 00514nam a22001575a 4500 | ||
|---|---|---|---|
| 001 | EHU.bham048243 | ||
| 005 | 20110915091818.0 | ||
| 008 | 110915s1957####ag############000#0#und#d | ||
| 100 | 1 | |a Yunque, Alvaro. | |
| 245 | 0 | 0 | |a Síntesis histórica de la literatura argentina, Vol 3 / |c Alvaro Yunque. |
| 260 | |a Buenos Aires : |b Claridad., |c 1957. | ||
| 300 | |a 198 p. | ||
| 653 | |a Literatura europea. | ||
| 653 | |a Gereración del 80. | ||
| 653 | |a Modernismo. | ||
| 859 | |a AR-BHAM |b BIB. HUMANIDADES - Donacion Lejarraga |h MFN002462 |p 002462.19 | ||
